Son de mar / (Registro nro. 10545)
[ vista simple ]
| 000 -LIDER | |
|---|---|
| fixed length control field | 00718cam a2200265 a 4500 |
| 001 - NÚMERO DE CONTROL | |
| Identificador de número de control | 000005311 |
| 003 - IDENTIFICACDOR DE NÚMERO DE CONTROL | |
| control field | DO-SdBPM |
| 005 - DATE AND TIME OF LATEST TRANSACTION | |
| control field | 20250110100052.0 |
| 007 - CAMPOS FIJOS DE DESCRIPCIÓN FÍSICA | |
| fixed length control field | 000005311 |
| 008 - ELEMENTOS DE LONGITUD FIJA | |
| fixed length control field | 990517s2004 sp 000|1 spa |
| 020 ## - ISBN | |
| International Standard Book Number | 8495501112 |
| 040 ## - FUENTE DE CATALOGACIÓN | |
| Agencia que crea de manera original el registro | DO-SdBPM |
| Idioma de catalogación | spa |
| Agencia que realiza la transcripción | BPMSU |
| 082 #4 - NÚMERO DE CLASIFICACIÓN DECIMAL DE DEWEY | |
| Classification number | 863.6 |
| Item number | V632s 2004 |
| Edition number | 22 |
| 100 1# - ASIENTO PRINCIPAL -- NOMBRE PERSONAL | |
| Nombre personal | Vicent, Manuel, |
| Fechas asociadas con el nombre | 1936- |
| 245 10 - MENCIÓN DE TITULO | |
| Título | Son de mar / |
| Mención de responsabilidad | Manuel Vicent. |
| 250 ## - MENCIÓN DE EDICION | |
| Mención de edición | 9a ed. |
| 260 ## - PUBLICACIÓN, DISTRIBUCIÓN, ETC. (PIE DE IMPRENTA) | |
| Lugar de publicación, distribución, etc | [Madrid] : |
| Nombre del editor, distribuidor, etc. | Ediciones Genrales, |
| Fecha de publicación, distribución, etc | 2004. |
| 300 ## - DESCRIPCIÓN FÍSICA | |
| Extensión | 304 p. ; |
| Dimensiones | 23 cm. |
| 490 0# - MENCIÓN DE SERIES | |
| Mención de serie | Punto de lectura ; |
| -- | 12/1 |
| 590 ## - NOTA LOCAL | |
| Texto de la nota local | Inventariado, 2025/VM |
| 650 #4 - ENCABEZAMIENTO DE MATERIA--TEMÁTICO | |
| Término temático o nombre geográfico como elemento de entrada | Novela española |
| 650 #4 - ENCABEZAMIENTO DE MATERIA--TEMÁTICO | |
| Término temático o nombre geográfico como elemento de entrada | Literatura española |
| 910 ## - VALIDACIÓN | |
| Validación | VMateo V. Contorl de calidad. BPMSU |
| 942 ## - ADDED ENTRY ELEMENTS (KOHA) | |
| Source of classification or shelving scheme | Dewey Decimal Classification |
| Koha item type | Libros |
| Withdrawn status | Lost status | Source of classification or shelving scheme | Damaged status | Not for loan | Collection code | Home library | Current library | Date acquired | Source of acquisition | Total Checkouts | Full call number | Barcode | Date last seen | Price effective from | Koha item type |
|---|---|---|---|---|---|---|---|---|---|---|---|---|---|---|---|
| Dewey Decimal Classification | Colección Juvenil General | Biblioteca Pública Metropolitana Salomé Ureña | Biblioteca Pública Metropolitana Salomé Ureña | 06/23/2016 | ALFAGUARA | BPMSU CJG 863.6 V632s 2004 | BPMASU16060448 | 06/23/2016 | 06/23/2016 | Libros |